01648cam a2200325 i 450000100090000000300090000900500170001800800410003502000250007604000330010108200190013424501120015326400560026530000230032133600260034433700280037033800270039850400510042552003490047665000540082565000540087965000490093365000490098265500170103170000440104870000420109294200120113499900170114695201590116315978344EG-ScBUE20230710122633.0091109s2010 enk f b 001 0 eng d a9780230580473 (pbk.) aDLCbengerdacDLCdEG-ScBUE04a909.7222bAGE04aThe Age of revolutions in global context, c. 1760-1840 /cedited by David Armitage and Sanjay Subrahmanyam. 1aHampshire ;aNew York :bPalgrave Macmillan,c2010. a301 pages ;c22 cm 2rdacontentatextbtxt 2rdamediaaunmediatedbn 2rdacarrieravolumebnc aIncludes bibliographical references and index. a"Distinguished historians provide uniquely broad coverage of the dynamics of global and regional change in the late eighteenth and nineteenth centuries. Sheds new light on the American, French and Haitian revolutions, alongside ground-breaking treatments of Africa's place in world history and Asia's age of revolutions"--Provided by publisher. 7aRevolutionsxHistoryy18th century.2BUEsh916135 7aRevolutionsxHistoryy19th century.2BUEsh916136 7aHistory, Moderny18th century.2BUEsh916137 7aHistory, Moderny19th century.2BUEsh916138 vReading book1 aArmitage, David,d1965-eeditor.9161391 aSubrahmanyam, Sanjay,eeditor.916140 2ddccBB c14453d14453 00102ddc40708BaccahaMAINbMAINc2NDd2010-07-11ePurchaseg150.00h10536l3m2o909.7 AGEp000021462r2025-07-15 00:00:00s2014-12-17w2010-07-11yBB